| 000 | 00709nam a2200205Ii 4500 | ||
|---|---|---|---|
| 003 | JO-AjNU | ||
| 008 | 230605s9999||||xx |||||||||||||| ||und|| | ||
| 040 |
_aJO-AjNU _bara _erda _cJO-AjNU |
||
| 041 | _aara | ||
| 050 | 1 | 4 | _aBP192.7 |
| 100 | 3 |
_aالقطب، محمد علي, _eauthor _98894 |
|
| 245 | 0 | 0 | _aعلي الأكبر ابن الحسين عليهما السلام |
| 264 | 3 | 1 | _aبيروت: منشورات المكتبة العصرية، د.ت |
| 300 | _a213ص | ||
| 336 |
_atext _btxt _2rdacontent |
||
| 337 |
_aunmediated _bn _2rdamedia |
||
| 338 |
_avolume _bnc _2rdacarrier |
||
| 490 | 0 | _aشهداء كربلاء أو رجال حول الحسين | |
| 650 | 4 |
_aالاسلام- التراجم _98895 |
|
| 999 |
_aA1021 _c4589 _d4589 |
||